[Event "Moscow Petrosian Memorial op"]
[Site "Moscow"]
[Date "2015.01.07"]
[Round "4"]
[White "Zakirov, Artur"]
[Black "Sevumyan, Karen"]
[Result "1/2-1/2"]
[WhiteElo "1681"]
[BlackElo "1612"]
[PlyCount "68"]
[EventDate "2015.01.04"]
[EventType "swiss"]
[EventRounds "9"]
[EventCountry "RUS"]
[SourceTitle "CBM 164 Extra"]
[Source "ChessBase"]
[SourceDate "2015.03.02"]
[SourceVersion "1"]
[SourceVersionDate "2015.03.02"]
[SourceQuality "1"]

1. e4 e6 2. d4 d5 3. e5 Nc6 4. Nf3 Bb4+ 5. c3 Be7 6. Bd3 Bd7 7. Be3 Na5 8. 0-0 Nc4 9. b3 Nxe3 10. fxe3 c5 11. Nbd2 f6 12. Qc2 f5 13. c4 dxc4 14. Bxc4 Rc8 15. Qd3 Nh6 16. e4 a6 17. a4 cxd4 18. Nxd4 Bc5 19. Kh1 Bxd4 20. Qxd4 0-0 21. Rad1 b5 22. axb5 axb5 23. Be2 Bc6 24. Qb4 fxe4 25. Nxe4 Rxf1+ 26. Rxf1 Qd5 27. Qd6 Rd8 28. Qxd5 Bxd5 29. Nc5 Nf7 30. Bxb5 Nxe5 31. Re1 Ng6 32. Bd7 Bxb3 33. Bxe6+ Bxe6 34. Nxe6 Re8 1/2-1/2

[Event "Moscow Petrosian Memorial op"]
[Site "Moscow"]
[Date "2015.01.05"]
[Round "2"]
[White "Abdullaev, Elchin"]
[Black "Sevumyan, Karen"]
[Result "1-0"]
[WhiteElo "1707"]
[BlackElo "1612"]
[PlyCount "65"]
[EventDate "2015.01.04"]
[EventType "swiss"]
[EventRounds "9"]
[EventCountry "RUS"]
[SourceTitle "CBM 164 Extra"]
[Source "ChessBase"]
[SourceDate "2015.03.02"]
[SourceVersion "1"]
[SourceVersionDate "2015.03.02"]
[SourceQuality "1"]

1. e4 e6 2. d4 d5 3. exd5 exd5 4. Nf3 Nf6 5. Be2 Be7 6. Bf4 Bf5 7. Nbd2 Bd6 8. Ne5 Nbd7 9. Ndf3 Bxe5 10. Nxe5 Nxe5 11. Bxe5 0-0 12. 0-0 Re8 13. Bd3 Bxd3 14. Qxd3 Nd7 15. Rfe1 Nxe5 16. dxe5 c6 17. Qf5 Re6 18. Re3 Qc7 19. Rae1 Rae8 20. Kf1 g6 21. Qg5 Qe7 22. Qf4 Qc5 23. R3e2 Qc4 24. Qxc4 dxc4 25. f4 f6 26. Kf2 fxe5 27. Rxe5 Kf7 28. Rxe6 Rxe6 29. Rxe6 Kxe6 30. c3 c5 31. Kf3 b5 32. Ke4 a5 33. a3 1-0

[Event "Moscow Petrosian Memorial op"]
[Site "Moscow"]
[Date "2015.??.??"]
[Round "1"]
[White "Sevumyan, Karen"]
[Black "Yurovskikh, Yasmin"]
[Result "0-1"]
[WhiteElo "1612"]
[BlackElo "1834"]
[PlyCount "128"]
[EventDate "2015.01.04"]
[EventType "swiss"]
[EventRounds "9"]
[EventCountry "RUS"]
[SourceTitle "CBM 164 Extra"]
[Source "ChessBase"]
[SourceDate "2015.03.02"]
[SourceVersion "1"]
[SourceVersionDate "2015.03.02"]
[SourceQuality "1"]

1. e4 c6 2. Nf3 d5 3. exd5 cxd5 4. d4 Bg4 5. Bb5+ Nc6 6. Bxc6+ bxc6 7. h3 Bh5 8. 0-0 e6 9. Bf4 Nf6 10. Nbd2 Bd6 11. Bxd6 Qxd6 12. Qe2 0-0 13. Nb3 Ne4 14. g4 Bg6 15. Ne5 f6 16. Nxg6 hxg6 17. Nd2 Ng5 18. Kg2 e5 19. dxe5 fxe5 20. Rae1 e4 21. f3 Ne6 22. Kh1 Nf4 23. Qh2 e3 24. Rxe3 g5 25. Qg3 Rf6 26. Rf2 Rh6 27. Rh2 Rh4 28. Qe1 Qh6 29. Re8+ Rxe8 30. Qxe8+ Kh7 31. Qe1 Nxh3 32. Nf1 Qf6 33. Qe2 Qxb2 34. Qd3+ Kh8 35. Qf5 Qb1 36. Qf8+ Kh7 37. Qf5+ Kh6 38. Qe6+ g6 39. Qe2 Qxa2 40. Qe8 Qa1 41. Qf8+ Qg7 42. Qe8 Qc7 43. Qh8+ Qh7 44. Qf8+ Qg7 45. Qe8 c5 46. Kg2 Nf4+ 47. Kg3 Rxh2 48. Kxh2 Kh7 49. Kg1 a5 50. Qe3 Qc7 51. Nd2 a4 52. Nb1 Qb7 53. Kh2 d4 54. Qe5 c4 55. Na3 d3 56. Nxc4 dxc2 57. Qe3 c1Q 58. Qxc1 Qxf3 59. Qb2 Qh3+ 60. Kg1 Qxg4+ 61. Kf1 Qf3+ 62. Kg1 Ne2+ 63. Kh2 Qg3+ 64. Kh1 Qg1# 0-1